000
00223nam a22001217a 4500
020
_a
0-43112-270-9
082
_a
001
_b
SPA/V
245
_a
VENUS
260
_a
UK
_b
GILES SPARROW
300
_a
39
650
_a
GK
942
_c
BK
999
_c
6392
_d
6392